UBT Library

Field biology and ecology (Record no. 43814)

000 -LEADER
fixed length control field 00605cam a22002171 4500
001 - CONTROL NUMBER
control field 2168546
005 - DATE AND TIME OF LATEST TRANSACTION
control field 20180301065344.0
008 - FIXED-LENGTH DATA ELEMENTS--GENERAL INFORMATION
fixed length control field 730522s1966 nyuac b 000 0 eng
010 ## - LIBRARY OF CONGRESS CONTROL NUMBER
LC control number 65021571
040 ## - CATALOGING SOURCE
Original cataloging agency DLC
Transcribing agency DLC
Modifying agency DLC
041 ## - LANGUAGE CODE
Language code of text/sound track or separate title eng
080 ## - UNIVERSAL DECIMAL CLASSIFICATION NUMBER
Universal Decimal Classification number 574.50723 BEN
082 00 - DEWEY DECIMAL CLASSIFICATION NUMBER
Classification number 574.50723 BEN
100 1# - Rafti
Rafti 9
101 ## - Shkurtesa
Shkurtesa MJE
240 10 - UNIFORM TITLE
Uniform title <a href="Principles of field biology and ecology">Principles of field biology and ecology</a>
245 10 - TITLE STATEMENT
Title Field biology and ecology
Statement of responsibility, etc [by] Allen H. Benton [and] William E. Werner, Jr.
504 ## - BIBLIOGRAPHY, ETC. NOTE
Bibliography, etc Includes bibliographies.
906 ## - LOCAL DATA ELEMENT F, LDF (RLIN)
a 7
b cbc
c orignew
d u
e ocip
f 19
g y-gencatlg
942 ## - ADDED ENTRY ELEMENTS (KOHA)
Source of classification or shelving scheme
Item type Books
Holdings
Withdrawn status Lost status Source of classification or shelving scheme Damaged status Not for loan Collection code Permanent location Current location Shelving location Date acquired Total Checkouts Full call number Barcode Date last seen Price effective from Koha item type
          Koleksioni i përgjithshem UBT - Lipjan UBT - Lipjan Koleksioni i përgjithshem 03/01/2018   574.50723 BEN 002-3000440 03/01/2018 03/01/2018 Books
UBT Library © 2015-2024. All rights reserved University Education for Business and Technology